[Event "IECG CP.2002.P.00056 email"]
[Site "IECG email"]
[Date "2002.10.01"]
[Round "?"]
[White "Bernal B, Nelson"]
[Black "Parrilla, Antonio"]
[Result "1/2-1/2"]
[WhiteElo "1921"]
[BlackElo "1744"]
[PlyCount "96"]
[EventDate "2002.10.01"]
[EventType "tourn (corr)"]
[EventRounds "6"]
[EventCountry "CZE"]
[SourceTitle "Corr 2008"]
[Source "ChessBase"]
[SourceDate "2008.06.24"]
[SourceVersion "1"]
[SourceVersionDate "2008.06.24"]
[SourceQuality "1"]

1. e4 e5 2. Nf3 Nc6 3. Bb5 Nf6 4. 0-0 Nxe4 5. d4 Nd6 6. Bxc6 dxc6 7. dxe5 Nf5 8. Qxd8+ Kxd8 9. Nc3 Ke8 10. Rd1 Ne7 11. h3 h6 12. a4 Bf5 13. Nd4 Bh7 14. Bf4 g5 15. Bh2 Rd8 16. g4 a6 17. b4 Bg6 18. f4 gxf4 19. Bxf4 h5 20. Kf2 hxg4 21. hxg4 Rh3 22. Nce2 Nd5 23. Bg5 Be7 24. Bxe7 Kxe7 25. Ng3 Bxc2 26. Nxc2 Rh2+ 27. Kf3 Rxc2 28. Nf5+ Kd7 29. b5 Rc3+ 30. Kf2 Re8 31. bxa6 bxa6 32. Re1 Nf4 33. Rad1+ Kc8 34. Re3 Rxe3 35. Kxe3 Ng6 36. Rf1 Nxe5 37. g5 c5 38. Kd2 Kd7 39. Nh6 Re7 40. Kc3 a5 41. Ng8 Re6 42. Nf6+ Ke7 43. Nd5+ Kd6 44. Ne3 c6 45. Rf5 Re7 46. Rf2 Rb7 47. Rf6+ Ke7 48. Nf5+ Kf8 1/2-1/2

[Event "IECG CB.2002.0.00053 email"]
[Site "IECG email"]
[Date "2002.08.24"]
[Round "?"]
[White "Bernal B, Nelson"]
[Black "Skjoeldebrand, Martin"]
[Result "1-0"]
[WhiteElo "1916"]
[BlackElo "1932"]
[PlyCount "23"]
[EventDate "2002.08.24"]
[EventType "tourn (corr)"]
[EventRounds "6"]
[SourceTitle "Corr 2008"]
[Source "ChessBase"]
[SourceDate "2008.06.24"]
[SourceVersion "1"]
[SourceVersionDate "2008.06.24"]
[SourceQuality "1"]

1. e4 c5 2. Nf3 Nc6 3. d4 cxd4 4. Nxd4 Nf6 5. Nc3 e5 6. Ndb5 d6 7. Bg5 a6 8. Na3 b5 9. Bxf6 gxf6 10. Nd5 f5 11. c3 Be6 12. exf5 1-0

[Event "IECG CB.2002.0.00041 email"]
[Site "IECG email"]
[Date "2002.07.13"]
[Round "?"]
[White "Bernal B, Nelson"]
[Black "Pecotic, Kuzma"]
[Result "1-0"]
[WhiteElo "1894"]
[BlackElo "1884"]
[PlyCount "46"]
[EventDate "2002.05.21"]
[EventType "tourn (corr)"]
[EventRounds "6"]
[SourceTitle "Corr 2008"]
[Source "ChessBase"]
[SourceDate "2008.06.24"]
[SourceVersion "1"]
[SourceVersionDate "2008.06.24"]
[SourceQuality "1"]

1. e4 e5 2. Nf3 Nc6 3. Bb5 a6 4. Ba4 Nf6 5. 0-0 Be7 6. Re1 0-0 7. Bxc6 bxc6 8. Nxe5 Bb7 9. d4 d5 10. exd5 cxd5 11. Bg5 h6 12. Bxf6 Bxf6 13. Nd2 Qd6 14. Ndf3 a5 15. Re3 a4 16. c3 Rfb8 17. Qc2 Bc8 18. Rae1 Be6 19. b4 axb3 20. axb3 c6 21. b4 Ra3 22. Ng4 Be7 23. Rxe6 fxe6 1-0

[Event "IECG CB.2002.0.00046 email"]
[Site "IECG email"]
[Date "2002.06.19"]
[Round "?"]
[White "Heesen, Jos HW"]
[Black "Bernal B, Nelson"]
[Result "1/2-1/2"]
[WhiteElo "1875"]
[BlackElo "1894"]
[PlyCount "33"]
[EventDate "2002.06.19"]
[EventType "tourn (corr)"]
[EventRounds "6"]
[SourceTitle "Corr 2008"]
[Source "ChessBase"]
[SourceDate "2008.06.24"]
[SourceVersion "1"]
[SourceVersionDate "2008.06.24"]
[SourceQuality "1"]

1. Nc3 c5 2. e4 d6 3. f4 g6 4. Nf3 Bg7 5. Bc4 Nc6 6. 0-0 e6 7. d3 Nge7 8. Qe1 0-0 9. f5 gxf5 10. Bg5 h6 11. Qh4 hxg5 12. Nxg5 Re8 13. Qh5 Ne5 14. exf5 Nxf5 15. Rxf5 exf5 16. Bxf7+ Nxf7 17. Qxf7+ 1/2-1/2

[Event "IECG CB.2002.0.00041 email"]
[Site "IECG email"]
[Date "2002.05.21"]
[Round "?"]
[White "Ranalli, Bruno"]
[Black "Bernal B, Nelson"]
[Result "1-0"]
[WhiteElo "1947"]
[BlackElo "1894"]
[PlyCount "79"]
[EventDate "2002.05.21"]
[EventType "tourn (corr)"]
[EventRounds "6"]
[SourceTitle "Corr 2008"]
[Source "ChessBase"]
[SourceDate "2008.06.24"]
[SourceVersion "1"]
[SourceVersionDate "2008.06.24"]
[SourceQuality "1"]

1. e4 c5 2. Nf3 d6 3. d4 cxd4 4. Nxd4 Nf6 5. Nc3 a6 6. Bg5 e6 7. f4 Qb6 8. Qd2 Qxb2 9. Rb1 Qa3 10. f5 Nc6 11. fxe6 fxe6 12. Nxc6 bxc6 13. Be2 Be7 14. 0-0 0-0 15. Rb3 Qa5 16. Nd5 Qd8 17. Nxe7+ Qxe7 18. Rd3 Qa7+ 19. Kh1 d5 20. Bxf6 Rxf6 21. Rxf6 gxf6 22. exd5 exd5 23. Rg3+ Kh8 24. Qh6 Qe7 25. Re3 Qd8 26. Bh5 Bf5 27. Re8+ Qxe8 28. Bxe8 Rxe8 29. Qxf6+ Kg8 30. Kg1 Be6 31. h4 Bf7 32. Qxc6 Re6 33. Qc8+ Kg7 34. Qc3+ Kg8 35. Kf2 h5 36. a4 Rg6 37. a5 Kh7 38. Kg1 Re6 39. Kh1 Rg6 40. Qf3 1-0

[Event "IECG CA.2002.0.00049 email"]
[Site "IECG email"]
[Date "2002.05.08"]
[Round "?"]
[White "Andersen, Henrik N"]
[Black "Bernal B, Nelson"]
[Result "1/2-1/2"]
[WhiteElo "2012"]
[BlackElo "2000"]
[PlyCount "60"]
[EventDate "2002.05.08"]
[EventType "tourn (corr)"]
[EventRounds "6"]
[SourceTitle "Corr 2008"]
[Source "ChessBase"]
[SourceDate "2008.06.24"]
[SourceVersion "1"]
[SourceVersionDate "2008.06.24"]
[SourceQuality "1"]

1. d4 Nf6 2. c4 e6 3. Nc3 Bb4 4. e3 0-0 5. Nge2 d5 6. a3 Be7 7. cxd5 exd5 8. b4 a5 9. b5 Re8 10. Ng3 Bg4 11. Be2 Bxe2 12. Qxe2 Nbd7 13. Nf5 Nb6 14. 0-0 Bf8 15. Ng3 Qd7 16. Re1 a4 17. Ra2 c6 18. bxc6 Qxc6 19. Rc2 Rac8 20. Nh5 Nxh5 21. Qxh5 Qc4 22. Bb2 Qb3 23. Qe2 Bxa3 24. Bxa3 Rxc3 25. Rb2 Qc4 26. Rxb6 Qxe2 27. Rxe2 Rxa3 28. g3 g5 29. Kg2 Ra8 30. Rxb7 Rb3 1/2-1/2

[Event "IECG CA.2002.0.00049 email"]
[Site "IECG email"]
[Date "2002.05.08"]
[Round "?"]
[White "Bernal B, Nelson"]
[Black "Anasetti, Alberto"]
[Result "1-0"]
[WhiteElo "2000"]
[BlackElo "2011"]
[PlyCount "79"]
[EventDate "2002.05.08"]
[EventType "tourn (corr)"]
[EventRounds "6"]
[SourceTitle "Corr 2008"]
[Source "ChessBase"]
[SourceDate "2008.06.24"]
[SourceVersion "1"]
[SourceVersionDate "2008.06.24"]
[SourceQuality "1"]

1. e4 c5 2. Nf3 d6 3. d4 cxd4 4. Nxd4 Nf6 5. Nc3 a6 6. Be3 e5 7. Nb3 Be7 8. f3 Be6 9. Qd2 0-0 10. 0-0-0 b5 11. g4 b4 12. Nd5 Bxd5 13. exd5 a5 14. Na1 Nbd7 15. g5 Nh5 16. Rg1 f5 17. Bb5 Rb8 18. Qe2 Nb6 19. Nb3 f4 20. Bf2 Nc8 21. h4 Qc7 22. Qd3 Na7 23. Ba4 Nc8 24. Kb1 Bd8 25. Bb5 Ne7 26. Nc5 Qb6 27. Bc4 Nf5 28. Ne6 Qxf2 29. Nxf8 Ne3 30. Rdf1 Qxc2+ 31. Qxc2 Nxc2 32. Nd7 Rb7 33. Nxe5 Ne3 34. Nc6 Bb6 35. Bd3 Nxf1 36. Rxf1 g6 37. Kc2 Rf7 38. Kb3 Kf8 39. Ka4 Ng3 40. Rd1 1-0

[Event "IECG CA.2002.0.00043 email"]
[Site "IECG email"]
[Date "2002.04.03"]
[Round "?"]
[White "Bernal B, Nelson"]
[Black "Vanhamme, Patrick J"]
[Result "0-1"]
[WhiteElo "2000"]
[BlackElo "2054"]
[PlyCount "52"]
[EventDate "2002.04.03"]
[EventType "tourn (corr)"]
[EventRounds "6"]
[SourceTitle "Corr 2008"]
[Source "ChessBase"]
[SourceDate "2008.06.24"]
[SourceVersion "1"]
[SourceVersionDate "2008.06.24"]
[SourceQuality "1"]

1. e4 e5 2. Nf3 d6 3. d4 exd4 4. Nxd4 g6 5. Nc3 Bg7 6. Be3 Nf6 7. Qd2 Nc6 8. f3 0-0 9. 0-0-0 Nxd4 10. Bxd4 Be6 11. g4 c5 12. Be3 Qa5 13. a3 a6 14. g5 Nh5 15. Nd5 Qxd2+ 16. Rxd2 Bxd5 17. Rxd5 Be5 18. Rd2 b5 19. c4 Rab8 20. Kd1 b4 21. a4 b3 22. Bh3 Rb4 23. Bd7 Nf4 24. Rf1 Rd8 25. Bc6 Rc8 26. Bd5 Rxa4 0-1

[Event "IECG TE.2002.P.01004 email"]
[Site "IECG email"]
[Date "2002.03.28"]
[Round "?"]
[White "Bernal B, Nelson"]
[Black "Diaz, Victor"]
[Result "1-0"]
[WhiteElo "2000"]
[BlackElo "2000"]
[PlyCount "21"]
[EventDate "2002.03.28"]
[EventType "tourn (corr)"]
[EventRounds "12"]
[SourceTitle "Corr 2008"]
[Source "ChessBase"]
[SourceDate "2008.06.24"]
[SourceVersion "1"]
[SourceVersionDate "2008.06.24"]
[SourceQuality "1"]

1. e4 e5 2. Nf3 Nc6 3. Bb5 Bc5 4. c3 Nf6 5. 0-0 d6 6. d4 exd4 7. cxd4 Bb4 8. d5 a6 9. Bd3 Ne7 10. Qa4+ c6 11. Qxb4 1-0

[Event "IECG TE.2002.P.01004 email"]
[Site "IECG email"]
[Date "2002.03.28"]
[Round "?"]
[White "Ciubotaru, Dan"]
[Black "Bernal B, Nelson"]
[Result "0-1"]
[WhiteElo "800"]
[BlackElo "2000"]
[PlyCount "56"]
[EventDate "2002.03.28"]
[EventType "tourn (corr)"]
[EventRounds "12"]
[SourceTitle "Corr 2008"]
[Source "ChessBase"]
[SourceDate "2008.06.24"]
[SourceVersion "1"]
[SourceVersionDate "2008.06.24"]
[SourceQuality "1"]

1. e4 e5 2. Nf3 Nc6 3. Bb5 Bc5 4. 0-0 d6 5. d3 Nge7 6. Nc3 a6 7. Bc4 Na5 8. Bg5 Nxc4 9. dxc4 f6 10. Bh4 Ng6 11. Nd5 c6 12. Nc3 Be6 13. b3 Bg4 14. Ne2 Bxf3 15. gxf3 Nxh4 16. Ng3 Qc8 17. Nf5 Nxf5 18. exf5 Qxf5 19. c3 Rd8 20. b4 Ba7 21. a3 d5 22. c5 Bb8 23. f4 e4 24. Re1 Bxf4 25. Qf3 Bxh2+ 26. Kxh2 Qxf3 27. Rg1 d4 28. cxd4 Rd5 0-1

[Event "IECG TE.2002.P.01004 email"]
[Site "IECG email"]
[Date "2002.03.28"]
[Round "?"]
[White "Diaz, Victor"]
[Black "Bernal B, Nelson"]
[Result "0-1"]
[WhiteElo "2000"]
[BlackElo "2000"]
[PlyCount "44"]
[EventDate "2002.03.28"]
[EventType "tourn (corr)"]
[EventRounds "12"]
[SourceTitle "Corr 2008"]
[Source "ChessBase"]
[SourceDate "2008.06.24"]
[SourceVersion "1"]
[SourceVersionDate "2008.06.24"]
[SourceQuality "1"]

1. e4 e5 2. Nf3 Nc6 3. Bb5 Bc5 4. c3 Bb6 5. 0-0 d6 6. d4 Bd7 7. Re1 Nge7 8. dxe5 Nxe5 9. Nxe5 dxe5 10. Bxd7+ Qxd7 11. Qxd7+ Kxd7 12. Rd1+ Ke6 13. Na3 Rhd8 14. Bg5 f6 15. Bh4 g5 16. Bg3 h5 17. h3 f5 18. exf5+ Nxf5 19. Bh2 Rxd1+ 20. Rxd1 g4 21. Kf1 Rf8 22. Ke2 Nh4 0-1

[Event "IECG CA.2002.0.00035 email"]
[Site "IECG email"]
[Date "2002.01.29"]
[Round "?"]
[White "Miras Garcia, Eduardo"]
[Black "Bernal B, Nelson"]
[Result "1-0"]
[WhiteElo "2125"]
[BlackElo "2000"]
[PlyCount "53"]
[EventDate "2002.01.29"]
[EventType "tourn (corr)"]
[EventRounds "6"]
[SourceTitle "Corr 2008"]
[Source "ChessBase"]
[SourceDate "2008.06.24"]
[SourceVersion "1"]
[SourceVersionDate "2008.06.24"]
[SourceQuality "1"]

1. e4 c5 2. Nf3 d6 3. d4 cxd4 4. Nxd4 Nf6 5. Nc3 a6 6. Be3 e5 7. Nb3 Be7 8. f3 Be6 9. Qd2 Nbd7 10. g4 h6 11. 0-0-0 b5 12. h4 Nb6 13. Qf2 Nfd7 14. Kb1 Rc8 15. Nd5 Bxd5 16. exd5 Nc4 17. Bc1 Qb6 18. Qe1 Qc7 19. Bd3 g6 20. f4 exf4 21. Bxf4 Nf6 22. Bxc4 bxc4 23. Nd4 c3 24. b3 Nxd5 25. Nf5 gxf5 26. Rxd5 fxg4 27. Bxd6 1-0

[Event "IECG CA.2001.0.00028"]
[Site "IECG email"]
[Date "2001.12.03"]
[Round "?"]
[White "Bernal B, Nelson"]
[Black "Karlsson, Kurre"]
[Result "1/2-1/2"]
[WhiteElo "2000"]
[BlackElo "2032"]
[PlyCount "62"]
[EventDate "2001.12.03"]
[EventType "tourn (corr)"]
[EventRounds "6"]
[SourceTitle "Corr 2008"]
[Source "ChessBase"]
[SourceDate "2008.06.24"]
[SourceVersion "1"]
[SourceVersionDate "2008.06.24"]
[SourceQuality "1"]

1. e4 e5 2. Nf3 Nc6 3. Bb5 a6 4. Bxc6 dxc6 5. 0-0 Bg4 6. h3 Bxf3 7. Qxf3 Bc5 8. Qg3 Qf6 9. d3 h6 10. Nc3 0-0-0 11. Be3 Bd4 12. Bxd4 exd4 13. e5 Qf5 14. Ne4 Ne7 15. Qxg7 Rdg8 16. Qf6 Qxh3 17. Ng3 Qe6 18. Qxe6+ fxe6 19. Kh2 Rg5 20. f4 Rg4 21. f5 Rhg8 22. f6 Rh4+ 23. Kg1 Rxg3 24. f7 Ng6 25. f8Q+ Nxf8 26. Rxf8+ Kd7 27. Rf7+ Kd8 28. Raf1 Rg8 29. Rh7 Rhg4 30. Rff7 Rxg2+ 31. Kh1 Rg1+ 1/2-1/2

[Event "IECG CA.2001.0.00028"]
[Site "IECG email"]
[Date "2001.12.03"]
[Round "?"]
[White "Seipel, Andreas"]
[Black "Bernal B, Nelson"]
[Result "1-0"]
[WhiteElo "2178"]
[BlackElo "2000"]
[PlyCount "87"]
[EventDate "2001.12.03"]
[EventType "tourn (corr)"]
[EventRounds "6"]
[SourceTitle "Corr 2008"]
[Source "ChessBase"]
[SourceDate "2008.06.24"]
[SourceVersion "1"]
[SourceVersionDate "2008.06.24"]
[SourceQuality "1"]

1. d4 Nf6 2. c4 g6 3. Nc3 d5 4. cxd5 Nxd5 5. e4 Nxc3 6. bxc3 Bg7 7. Bc4 c5 8. Ne2 Nc6 9. Be3 0-0 10. 0-0 Bg4 11. f3 Na5 12. Bxf7+ Rxf7 13. fxg4 Rxf1+ 14. Kxf1 Qd6 15. Kg1 Qe6 16. Qd3 Qc4 17. Qxc4+ Nxc4 18. Bf2 cxd4 19. cxd4 e5 20. d5 Bh6 21. h4 Bd2 22. Rd1 Ba5 23. Rc1 b5 24. Rc2 Nd6 25. Ng3 Nc4 26. g5 Kf7 27. Kf1 a6 28. Ke2 Rf8 29. Nf1 Ke8 30. Nh2 Bb4 31. a4 Rf4 32. Kd3 Kd7 33. axb5 axb5 34. Ra2 Kc8 35. Bg3 Rf7 36. Ng4 Re7 37. Ra8+ Kb7 38. Rh8 Nb2+ 39. Kc2 Nc4 40. Nf6 Rc7 41. Rxh7 Rxh7 42. Nxh7 Kc7 43. h5 Kd8 44. hxg6 1-0